Index digitálnej ekonomiky a spoločnosti

Predstavenie ukazovateľov, ktoré vytvárajú index digitálnej ekonomiky a spoločnosti (DESI) a analýza dosiahnutých výsledkov DESI 2016 na úrovni Európskej únie a Slovenska.

Na minha lista:
Detalhes bibliográficos
Autor principal: Škvarčeková, Oľga
Formato: Capítulo de Livro
Idioma:eslovaco
Assuntos:
Tags: Adicionar Tag
Sem tags, seja o primeiro a adicionar uma tag!

MARC

LEADER 00000nla a2200000 4500
001 0224957
005 20240502073703.5
041 0 |a slo 
044 |a SK 
245 1 0 |a Index digitálnej ekonomiky a spoločnosti  |c Oľga Škvarčeková 
520 |a Predstavenie ukazovateľov, ktoré vytvárajú index digitálnej ekonomiky a spoločnosti (DESI) a analýza dosiahnutých výsledkov DESI 2016 na úrovni Európskej únie a Slovenska. 
610 2 0 |a technológie informačné 
610 2 0 |a technológie komunikačné 
610 2 0 |a digitalizácia 
610 2 0 |a informatika 
610 2 0 |a gramotnosť informačná 
610 2 0 |a gramotnosť digitálna 
100 1 |a Škvarčeková, Oľga